| 000 | 00752nam a22002297a 4500 | ||
|---|---|---|---|
| 003 | BD-DhJNU | ||
| 005 | 20250716060101.0 | ||
| 008 | 250716b |||||||| |||| 00| 0 eng d | ||
| 020 | _a8178240955 | ||
| 040 |
_aBD-DhJNU _bENG _cBD-DhJNU _dBD-DhJNU |
||
| 082 |
_223 _a320.954 CAS |
||
| 245 |
_aCaste and democratic politics in India / _c edited by Ghanshyam Shah |
||
| 260 |
_aDelhi : _bPermanent Black, _c2004. |
||
| 300 |
_avi, 440p. : _bill. ; _c23 cm. |
||
| 490 | _aEssential writings in politics | ||
| 504 | _aIncludes bibliographical references | ||
| 650 |
_a Caste _xPolitical aspects _y India |
||
| 650 |
_aDemocracy _xIndia |
||
| 650 |
_a India _xPolitics and government _y1947 |
||
| 700 |
_aShah, Ghanshyam _eeditor |
||
| 942 |
_2ddc _cBK _n0 |
||
| 999 |
_c1908 _d1908 |
||